000 00421nam a22001457a 4500
020 _a9789350143070
082 _a621.382 ANA
100 _aAnand, Rishabh
245 _aWireless and mobile computing
260 _aNew Delhi, India
_bS.K. Kataria & Sons.
_c2012
300 _axiv, 320 p.
_bill. ;
500 _aIncludes index.
650 _a1. Wireless communication systems. 2. Mobile communication systems.
942 _cBK
999 _c12570
_d12570